| 000 | 00627nam a2200181 i 4500 | ||
|---|---|---|---|
| 001 | 70956 | ||
| 003 | ES-MaACL | ||
| 005 | 20230906170958.0 | ||
| 007 | t| | ||
| 008 | 040804s1907 sp ||||1| spa d | ||
| 100 | 1 |
_aGascón y Guimbao, Domingo. _955865 |
|
| 245 | 1 | 0 |
_aPrelados turolenses por el lugar de su nacimiento / _cnoticias recogidas y ordenadas por Domingo Gascón y Guimbao. |
| 250 | _a2ª ed. | ||
| 260 |
_aTeruel : _b[s.n.], _c1907 ( _fImp. de la Beneficencia) |
||
| 300 |
_a52 p. ; _c20 cm. |
||
| 650 | 4 |
_aTurolenses- _xBiografías. _9155495 |
|
| 852 |
_aES-MaACL _jT-1100-F-3 _z- Dedicatoria autógrafa del autor |
||
| 999 |
_c70956 _d70956 |
||